000 01023cam a22002655a 4500
005 20091103014612.0
008 090911s2009 ii ab b 100 0 eng d
010 _aENG-95391
020 _a9788131305683
_c695.00
035 _aEN-78924
037 _aDBAD/PUB
040 _aDPL
_beng
100 _aSahai, Sushma
245 _aBio-Medical Waste Management
_c by Sushma Sahai
260 _aNew Delhi :
_bAPH Publishing Corporation
_c2009
270 _a4435-36/7. Ansari road, Darya Ganj
_bNew Delhi
_e110002
300 _a x, 310p.
_c22 cm. (Hb)
500 _aBibliography references & Indixing
520 _aContributed articles.
610 _aCollege of Fort St. George (Madras, India)
651 _aMadras (India)
_xIntellectual life
_y19th century.
942 _2ddc
_cEN
_mSAH
999 _c31567
_d31567